Řízení lidských zdrojů a vybraná témata managementu a leadershipu publikace pro management soukromých bezpečnostních firem a pro další subjekty v segmentu komerční bezpečnosti

Na minha lista:
Detalhes bibliográficos
Autor principal: Dömény, Dávid
Formato: Livro
Idioma:tcheco
Publicado em: [S.l.] Nakladatelství TN 2024
Edição:1. vydání
Assuntos:
Tags: Adicionar Tag
Sem tags, seja o primeiro a adicionar uma tag!

MARC

LEADER 00000nam a2200000 4500
001 0308432
005 20250616092944.5
020 |a 978-80-88422-57-0 
041 0 |a cze 
044 |a CZ 
245 1 0 |a Řízení lidských zdrojů a vybraná témata managementu a leadershipu  |b publikace pro management soukromých bezpečnostních firem a pro další subjekty v segmentu komerční bezpečnosti  |c Dávid Dömény 
250 |a 1. vydání 
264 1 |a [S.l.]  |b Nakladatelství TN  |c 2024 
300 |a 311 s. 
610 2 0 |a riadenie ľudských zdrojov 
610 2 0 |a manažment personálny 
610 2 0 |a vodcovstvo 
610 2 0 |a bezpečnosť 
610 2 0 |a služby bezpečnostné súkromné 
100 1 |a Dömény, Dávid